• 首页
  • 本馆介绍
  • 公告通知
  • 最新文献
  • 馆藏检索
  • 电子资源
  • 读者导购
  • 参考咨询
  • 我的图书馆
  • 登录
  • 详细信息显示
  • 放入我的书架
  • 预约/预借图书
  • 作者相关作品
  • 分类相关作品
  • 丛书相关作品
  • 出版社相关作品

书目信息

  • 表格格式
  • 工作单格式
  • 卡片格式
题名:
盖里访谈录
    
 
作者: 弗里德曼 , 索尔金 , 盖里 著 ;杨睿 , 张小露 译
分册:  
出版信息: 北京   电子工业出版社  2014
页数: 239页
开本: 21cm
丛书名:
单 册:
中图分类: K837.126.16 , TU206
科图分类:
主题词: 建筑设计--Jian Zhu She Ji--美国--现代--作品集 , 建筑设计人员--访问记--美国--现代
电子资源:
ISBN: 978-7-121-23248-0
000 01709nam0 2200361 450
001 1635874793
005 20143316113350.0
010    @a978-7-121-23248-0@dCNY68.00
100    @a20140728d2014 em y0chiy0120 ea
101 1  @achi@ceng
102    @aCN@b110000
105    @aa z 001yb
106    @ar
200 1  @a盖里访谈录@AGai Li Fang Tan Lu@e建筑+过程@f(美) Midred Friedman, Michael Sorkin, Frank O. Gehry著@g杨睿, 张小露译
210    @a北京@c电子工业出版社@d2014
215    @a239页@c图 (部分彩图)@d21cm
306    @a由Rizzoli International Publications, New York公司, 通过姚氏顾问社授权
314    @a责任者Friedman规范汉译姓: 弗里德曼 ; 责任者Sorkin规范汉译姓: 索尔金 ; 责任者Gehry规范汉译姓: 盖里
320    @a有索引
330    @a这是一本介绍弗兰克·盖里的建筑作品及其设计思想的书。本书所选建筑案例图纸、模型图片、项目介绍均由盖里本人提供,其本人并对多个项目做了点评。书中具体介绍了各项目的设计思路、新技术和新材料的运用等,是全面详细了解盖里建筑设计的精选集。弗兰克·盖里有建筑界的“毕加索”之称,在中国影响很大,几年前出版的弗兰克·盖里作品集曾经风靡全国。
333    @a建筑设计从业人员、在校师生及相关专业人士,以及对盖里建筑理念和作品感兴趣的其他读者。
600  1 @a盖里@AGai Li@g(Gehry, Frank O.)@x访问记
606 0  @a建筑设计@AJian Zhu She Ji@y美国@z现代@j作品集
606 0  @a建筑设计人员@x访问记@y美国@z现代
690    @aK837.126.16@v5
690    @aTU206@v5
701  1 @a弗里德曼@AFu Li De Man@g(Friedman, Midred)@4著
701  1 @a索尔金@ASuo Er Jin@g(Sorkin, Michael)@4著
701  1 @a盖里@AGai Li@g(Gehry, Frank O.)@4著
702  0 @a杨睿@AYang Rui@4译
702  0 @a张小露@AZhang Xiao Lu@4译
801  0 @aCN@b江苏新华@c20150511
905    @aBZT@dK837.126.16@e3
    
    盖里访谈录:建筑+过程/(美) Midred Friedman, Michael Sorkin, Frank O. Gehry著/杨睿, 张小露译.-北京:电子工业出版社,2014
    239页:图 (部分彩图);21cm
    使用对象:建筑设计从业人员、在校师生及相关专业人士,以及对盖里建筑理念和作品感兴趣的其他读者。
    
    ISBN 978-7-121-23248-0:CNY68.00
    这是一本介绍弗兰克·盖里的建筑作品及其设计思想的书。本书所选建筑案例图纸、模型图片、项目介绍均由盖里本人提供,其本人并对多个项目做了点评。书中具体介绍了各项目的设计思路、新技术和新材料的运用等,是全面详细了解盖里建筑设计的精选集。弗兰克·盖里有建筑界的“毕加索”之称,在中国影响很大,几年前出版的弗兰克·盖里作品集曾经风靡全国。
●
相关链接 在五车中查询图书 在当当中查询图书 在豆瓣中查询图书


正题名:盖里访谈录     索取号:K837.126.16/3         预约/预借

序号 登录号 条形码 馆藏地/架位号 状态 备注
1 797731   2000797731   第二书库/ [索取号:K837.126.16/3] 在馆    
2 797732   2000797732   第二书库/ [索取号:K837.126.16/3] 在馆    
3 797733   2000797733   第二书库/ [索取号:K837.126.16/3] 在馆    
山东省滨州职业学院图书馆 欢迎您!
大连网信软件有限公司© 版权所有